Top 30 : The Weeknd - Statistiques

Statistiques générales
  • Ce quiz a été pris 94 fois
  • Le résultat moyen est 14 sur 30
Statistiques - réponses
Top Titres Featuring % Correct
1 Blinding Lights
91%
2 Starboy Daft Punk
88%
5 Save Your Tears
83%
11 Save Your Tears (Remix) Ariana Grande
83%
3 Die For You
74%
20 Die For You (Remix) Ariana Grande
74%
8 I Feel It Coming Daft Punk
71%
4 The Hills
66%
25 Timeless Playboi Carti
54%
9 Can't Feel My Face
51%
7 One Of The Girls JENNIE, Lily-Rose Depp
51%
6 Call Out My Name
49%
23 Love Me Harder Ariana Grande
46%
12 Creepin' Metro Boomin, 21 Savage
45%
18 Popular Playboi Carti, Madonna
43%
10 Earned It
42%
17 After Hours
38%
27 Pray For Me Kendrick Lamar
38%
16 Moth To A Flame Swedish House Mafia
37%
28 In Your Eyes
35%
15 Reminder
35%
24 Or Nah Ty Dolla $ign, Wiz Khalifa, DJ Mustard
32%
26 Heartless
31%
13 Stargirl Interlude Lana Del Rey
31%
22 Often
28%
29 You Right Doja Cat
28%
14 I Was Never There Gesaffelstein
23%
21 Lost in the Fire Gesaffelstein
23%
19 Low Life Future
18%
30 Party Monster
18%
Aucun quiz correspondant
Distribution des résultats
% des personnes avec chaque résultat
Percentile par nombre de réponses
Votre historique - résultats
Vous n’avez pas pris ce quiz